| 000 | 00515nam a22001937a 4500 | ||
|---|---|---|---|
| 003 | MPLRDC | ||
| 005 | 20220104144116.0 | ||
| 008 | 210129b ||||| |||| 00| 0 eng d | ||
| 020 | _a7-223-00924-3 | ||
| 082 | _a224.515 HC-2 | ||
| 100 | _a通灵大师弘初著述 | ||
| 245 |
_a灵界导游 _c |
||
| 250 | _a一版一刷 | ||
| 260 |
_a _b西藏人民出版社 _c1997 |
||
| 300 | _b平 | ||
| 490 | _a灵界探索系列. 3 | ||
| 650 | _a佛教艺术; 佛教语文--故事、小说 | ||
| 942 |
_cBK _o224.515 HC-2 |
||
| 999 |
_c46441 _d46431 |
||